| 000 | 03932nas1a22003971i 4500 | ||
|---|---|---|---|
| 001 | RU\NLR\INFOCOMM20\5000040732 | ||
| 005 | 20240726060208.0 | ||
| 035 | _a(NLR Aleph) 002431690 | ||
| 090 |
_a1999835 _c1999835 |
||
| 100 | _a20050214c1922 |||y0rusy50 ca | ||
| 101 | 0 | _arus | |
| 102 | _aRU | ||
| 110 | _azyuzz 0|y| | ||
| 200 | 1 |
_aТруды _fАзербайдж. отд-ние Центр. науч.-исслед. ин-та осетрового хоз. (ЦНИОРХ) |
|
| 207 | 1 | _aТ.1-7 | |
| 210 |
_aМ. _cПищевая пром-сть _d1922-1972 |
||
| 430 | 0 |
_12001#$aИзвестия Бакинской ихтиологической лаборатории _tИзвестия Бакинской ихтиологической лаборатории |
|
| 430 | 0 |
_12001#$aТруды Азербайджанского отделения Центрального научно-исследовательского института осетрового хозяйства (ЦНИОРХ) _tТруды Азербайджанского отделения Центрального научно-исследовательского института осетрового хозяйства (ЦНИОРХ) |
|
| 710 | 0 | 2 |
_aЦентральный научно-исследовательский институт осетрового хозяйства _bАзербайджанское отделение _cАстрахань _4070 |
| 801 | 1 |
_aRU _bInfoComm _c20050214 |
|
| 801 | 0 |
_aRU _bNLR _gPSBO |
|
| 852 |
_aNLR _jП14/780 |
||
| 942 | _cSE | ||
| 980 | _aRUSPER | ||